| 000 | 01018nac a22002891i 4500 | ||
|---|---|---|---|
| 003 | EG-ScBUE | ||
| 005 | 20221205124640.0 | ||
| 008 | 221205s2007 maua f b 001 0 eng d | ||
| 020 | _a9780750663748 | ||
| 040 |
_aEG-ScBUE _beng _erda _cEG-ScBUE _dEG-ScBUE |
||
| 082 | 0 | 4 |
_a724.6 _bJON _222 |
| 100 | 1 |
_aBlundell Jones, Peter, _eauthor. |
|
| 245 | 1 | 0 |
_aModern architecture through case studies 1945-1990 / _cPeter Blundell Jones and Eamonn Canniffe. |
| 250 | _aFirst edition. | ||
| 264 | 1 |
_aBoston, MA : _bArchitectural Press, _c2007. |
|
| 300 |
_a254 pages : _billustrations (some color) ; _c24 cm |
||
| 336 |
_2rdacontent _atext _btxt |
||
| 337 |
_2rdamedia _aunmediated _bn |
||
| 338 |
_2rdacarrier _avolume _bnc |
||
| 504 | _aIncludes bibliographical references and index. | ||
| 650 | 7 |
_aModern movement (Architecture) _vCase studies. _2BUEsh |
|
| 650 | 7 |
_aArchitecture, Modern _y20th century. _2BUEsh |
|
| 653 | _bENGARC | ||
| 655 | _vReading book | ||
| 700 | 1 |
_aCanniffe, Eamonn, _eauthor. |
|
| 942 |
_cBB _2ddc |
||
| 999 |
_c8599 _d8599 |
||